[Event "Marburg op-A"]
[Site "Marburg"]
[Date "2023.10.29"]
[Round "6"]
[White "Henkemeier, Michael"]
[Black "Roeberg, Frank"]
[Result "0-1"]
[WhiteElo "1838"]
[BlackElo "2148"]
[PlyCount "152"]
[EventDate "2023.10.26"]
[EventType "swiss"]
[EventRounds "7"]
[EventCountry "GER"]
[SourceTitle "CB49_2023"]
[SourceDate "2023.12.06"]
[SourceVersion "1"]
[SourceVersionDate "2023.12.06"]
[SourceQuality "1"]

1. d4 Nf6 2. Nf3 c5 3. d5 g6 4. c4 b5 5. b3 bxc4 6. bxc4 Bg7 7. Bb2 d6 8. g3 0-0 9. Bg2 Nbd7 10. Nbd2 Rb8 11. Nb3 Nb6 12. Nfd2 Na4 13. Ba3 Qb6 14. Qc1 Qa6 15. Rb1 Nd7 16. Ne4 Ne5 17. Nbd2 Rxb1 18. Qxb1 Nxc4 19. Nxc4 Qxc4 20. 0-0 Qxe2 21. Re1 Qa6 22. Bc1 Bf5 23. Qb3 Bxe4 24. Rxe4 Nc3 25. Bf1 Qxa2 26. Qxa2 Nxa2 27. Bg5 Bf6 28. Bxf6 exf6 29. Ra4 Nb4 30. Rxa7 Rb8 31. Rd7 Rb6 32. Bc4 Kg7 33. g4 Nc2 34. Kf1 Nd4 35. Kg2 h6 36. Kg3 f5 37. h3 fxg4 38. hxg4 Nc2 39. Rc7 Na3 40. Be2 Rb2 41. Bf1 Rb6 42. Rc6 Rb3+ 43. Kg2 c4 44. Rxd6 c3 45. Rc6 c2 46. d6 Kf6 47. Rc8 Ke6 48. Rxc2 Nxc2 49. Bc4+ Kxd6 50. Bxb3 Ne1+ 51. Kf1 Nf3 52. Bxf7 Ne5 53. Be8 Ke7 54. Bb5 Nxg4 55. Kg2 Kf6 56. Kg3 Ne5 57. Be2 Nf7 58. Bd1 Nd6 59. Ba4 Nf5+ 60. Kf4 g5+ 61. Kg4 Ng7 62. Bc2 h5+ 63. Kh3 Nf5 64. Bd1 Ng7 65. Bc2 Ke5 66. Ba4 Kf4 67. Bc6 Nf5 68. Bb7 g4+ 69. Kh2 Nd4 70. Bg2 Nf3+ 71. Kh1 h4 72. Bf1 Ng5 73. Be2 Ne4 74. Kg2 h3+ 75. Kg1 g3 76. Bf1 h2+ 0-1

[Event "AUT-chT2W 1920"]
[Site "Austria"]
[Date "2019.11.23"]
[Round "4.3"]
[White "Tica, Sven"]
[Black "Roeberg, Frank"]
[Result "1-0"]
[WhiteElo "2418"]
[BlackElo "2194"]
[PlyCount "45"]
[EventDate "2019.10.04"]
[EventType "team-tourn"]
[EventRounds "11"]
[EventCountry "AUT"]
[SourceTitle "CBM 193 Extra"]
[Source "ChessBase"]
[SourceDate "2020.01.31"]
[SourceVersion "1"]
[SourceVersionDate "2020.01.31"]
[SourceQuality "1"]
[WhiteTeam "Absam"]
[BlackTeam "Schwarzach"]
[WhiteTeamCountry "AUT"]
[BlackTeamCountry "AUT"]

1. d4 Nf6 2. c4 c5 3. d5 b5 4. cxb5 a6 5. e3 axb5 6. Bxb5 Qa5+ 7. Nc3 Bb7 8. Bd2 Qb6 9. Nf3 Nxd5 10. Nxd5 Bxd5 11. a4 e6 12. Bc3 Be7 13. 0-0 0-0 14. Ne5 d6 15. Nc4 Qb7 16. e4 Bxe4 17. Nxd6 Bxd6 18. Qxd6 Qd5 19. Qg3 f6 20. Rfd1 Qb3 21. Qd6 Bd5 22. h4 Rc8 23. Rd2 1-0

[Event "Korbach op 9th"]
[Site "Korbach"]
[Date "2017.10.21"]
[Round "4"]
[White "Roeberg, Frank"]
[Black "Bluebaum, Johanna"]
[Result "1-0"]
[WhiteElo "2194"]
[BlackElo "1955"]
[PlyCount "51"]
[EventDate "2017.10.19"]
[EventType "swiss"]
[EventRounds "7"]
[EventCountry "GER"]
[SourceTitle "CBM 181 Extra"]
[Source "ChessBase"]
[SourceDate "2017.12.12"]
[SourceVersion "1"]
[SourceVersionDate "2017.12.12"]
[SourceQuality "1"]

1. e4 e6 2. Nf3 d5 3. Nc3 d4 4. Ne2 c5 5. c3 Nf6 6. e5 Nfd7 7. cxd4 cxd4 8. Nexd4 Nxe5 9. Bb5+ Nec6 10. Nxc6 bxc6 11. Be2 Ba6 12. 0-0 Bxe2 13. Qxe2 Bd6 14. d4 0-0 15. Qe4 Qf6 16. Ne5 Rc8 17. Be3 Qf5 18. Qxf5 exf5 19. Rac1 f6 20. Nc4 Bc7 21. d5 Bd8 22. Nd6 Rc7 23. Nxf5 cxd5 24. Rxc7 Bxc7 25. Rc1 Na6 26. Rc6 1-0

[Event "Korbach op 9th"]
[Site "Korbach"]
[Date "2017.10.21"]
[Round "5"]
[White "Van der Meiden, Dirk"]
[Black "Roeberg, Frank"]
[Result "1/2-1/2"]
[WhiteElo "1958"]
[BlackElo "2194"]
[PlyCount "41"]
[EventDate "2017.10.19"]
[EventType "swiss"]
[EventRounds "7"]
[EventCountry "GER"]
[SourceTitle "CBM 181 Extra"]
[Source "ChessBase"]
[SourceDate "2017.12.12"]
[SourceVersion "1"]
[SourceVersionDate "2017.12.12"]
[SourceQuality "1"]

1. e4 e5 2. Nf3 Nc6 3. Nc3 Nf6 4. d4 exd4 5. Nxd4 Bb4 6. Nxc6 bxc6 7. Bd3 0-0 8. 0-0 d5 9. exd5 cxd5 10. Bg5 c6 11. Na4 Bd6 12. c3 Bd7 13. Bc2 h6 14. Bh4 Re8 15. Qd3 Re4 16. Bg3 Bxg3 17. hxg3 Qe7 18. b4 Re5 19. Qd4 Re8 20. Nc5 Bc8 21. Bd3 1/2-1/2

[Event "AUT-chT2W 1516"]
[Site "Austria"]
[Date "2016.03.05"]
[Round "10.5"]
[White "Klocker, Benedikt"]
[Black "Roeberg, Frank"]
[Result "0-1"]
[WhiteElo "2193"]
[BlackElo "2249"]
[PlyCount "56"]
[EventDate "2015.10.16"]
[EventType "team-tourn"]
[EventRounds "11"]
[EventCountry "AUT"]
[SourceTitle "EXT 2017"]
[Source "ChessBase"]
[SourceDate "2016.10.25"]
[SourceVersion "1"]
[SourceVersionDate "2016.10.25"]
[SourceQuality "1"]
[WhiteTeam "Dornbirn"]
[BlackTeam "Schwarzach"]
[WhiteTeamCountry "AUT"]
[BlackTeamCountry "AUT"]

1. d4 Nf6 2. c4 c5 3. d5 b5 4. cxb5 a6 5. bxa6 g6 6. Nc3 Bxa6 7. e4 Bxf1 8. Kxf1 d6 9. g3 Bg7 10. Kg2 0-0 11. Nge2 Na6 12. Qd3 Qb6 13. b3 e6 14. Bb2 Qb7 15. f3 exd5 16. Nxd5 Nxd5 17. Bxg7 Nab4 18. Qd2 Kxg7 19. exd5 Nxd5 20. Rhd1 Rfe8 21. Kf2 Ne3 22. Qb2+ Kg8 23. Rxd6 Nc4 24. Qf6 Nxd6 25. Qxd6 c4 26. Qd4 cxb3 27. axb3 Rxa1 28. Qxa1 Qxb3 0-1

[Event "AUT-chT2W 1415"]
[Site "Austria"]
[Date "2014.10.11"]
[Round "2.5"]
[White "Roeberg, Frank"]
[Black "Schramm, Christian"]
[Result "0-1"]
[WhiteElo "2241"]
[BlackElo "2400"]
[PlyCount "88"]
[EventDate "2014.10.10"]
[EventType "team-tourn"]
[EventRounds "11"]
[EventCountry "AUT"]
[SourceTitle "EXT 2015"]
[Source "ChessBase"]
[SourceDate "2014.11.20"]
[SourceVersion "1"]
[SourceVersionDate "2014.11.20"]
[SourceQuality "1"]
[WhiteTeam "Schwarzach"]
[BlackTeam "Bernhard II"]
[WhiteTeamCountry "AUT"]
[BlackTeamCountry "AUT"]

1. e4 e6 2. Nf3 d5 3. Nc3 Nf6 4. e5 Nfd7 5. d4 c5 6. Bg5 Qa5 7. Bd2 Qb6 8. Na4 Qc7 9. c4 dxc4 10. Bxc4 cxd4 11. 0-0 Nc6 12. Rc1 Ndxe5 13. Bb5 Nxf3+ 14. Qxf3 Bd7 15. Rfd1 a6 16. Bf4 Bd6 17. Bxd6 Qxd6 18. Nb6 Rd8 19. Nxd7 Qxd7 20. Bxc6 bxc6 21. Qxc6 0-0 22. Qxa6 e5 23. Qa5 e4 24. Qb4 f5 25. h3 h6 26. Qb6 Rf6 27. Qa5 d3 28. Rc7 Qd4 29. Qc5 Qxc5 30. Rxc5 Kf7 31. Rc7+ Kg6 32. Re7 Rb6 33. b3 Rc6 34. g3 Kf6 35. Ra7 g5 36. Ra4 Ke5 37. Kf1 Rd4 38. Ra5+ Rd5 39. Ra4 Rd4 40. Ra5+ Rd5 41. Ra4 f4 42. Re1 d2 43. gxf4+ gxf4 44. Rexe4+ Kd6 0-1

[Event "Schwarzach op 29th"]
[Site "Schwarzach"]
[Date "2014.08.18"]
[Round "4"]
[White "Kunin, Vitaly L"]
[Black "Roeberg, Frank"]
[Result "1-0"]
[WhiteElo "2575"]
[BlackElo "2212"]
[PlyCount "37"]
[EventDate "2014.08.16"]
[EventType "swiss"]
[EventRounds "9"]
[EventCountry "AUT"]
[SourceTitle "CBM 162 Extra"]
[Source "ChessBase"]
[SourceDate "2014.10.17"]
[SourceVersion "1"]
[SourceVersionDate "2014.10.17"]
[SourceQuality "1"]

1. d4 Nf6 2. Nf3 c5 3. d5 g6 4. Nc3 d6 5. e4 Bg7 6. Bb5+ Nfd7 7. a4 Na6 8. 0-0 0-0 9. Re1 Nc7 10. Bf1 a6 11. Bf4 b6 12. Qd2 Rb8 13. e5 Nxe5 14. Nxe5 dxe5 15. Bxe5 Bxe5 16. Rxe5 Qd6 17. Rae1 e6 18. Qh6 exd5 19. Rh5 1-0

[Event "AUT-chT2W 1314"]
[Site "Austria"]
[Date "2014.01.19"]
[Round "8.2"]
[White "Meier, Alexander"]
[Black "Roeberg, Frank"]
[Result "1/2-1/2"]
[WhiteElo "2163"]
[BlackElo "2224"]
[PlyCount "50"]
[EventDate "2013.10.18"]
[EventType "team-tourn"]
[EventRounds "11"]
[EventCountry "AUT"]
[SourceTitle "EXT 2015"]
[Source "ChessBase"]
[SourceDate "2014.11.20"]
[SourceVersion "1"]
[SourceVersionDate "2014.11.20"]
[SourceQuality "1"]
[WhiteTeam "Pradl"]
[BlackTeam "Schwarzach"]
[WhiteTeamCountry "AUT"]
[BlackTeamCountry "AUT"]

1. e4 e5 2. Nf3 Nc6 3. Bc4 Nf6 4. d3 Bc5 5. c3 0-0 6. Bg5 h6 7. Bh4 Be7 8. Bb3 d6 9. Nbd2 Nh5 10. Bg3 Nxg3 11. hxg3 Na5 12. Bc2 c5 13. Nf1 Bg5 14. Nxg5 Qxg5 15. Qh5 Qxh5 16. Rxh5 Nc6 17. Ne3 Be6 18. 0-0-0 Ne7 19. Bb3 a5 20. g4 Bxb3 21. axb3 f6 22. Nf5 Nc8 23. Ne3 Ne7 24. Nf5 Nc8 25. Ne3 Ne7 1/2-1/2

[Event "Schwarzach op 28th"]
[Site "Schwarzach"]
[Date "2013.08.20"]
[Round "5"]
[White "Fodor, Tamas Jr"]
[Black "Roeberg, Frank"]
[Result "1-0"]
[WhiteElo "2451"]
[BlackElo "2249"]
[PlyCount "67"]
[EventDate "2013.08.17"]
[EventType "swiss"]
[EventRounds "9"]
[EventCountry "AUT"]
[SourceTitle "CBM 156 Extra"]
[Source "ChessBase"]
[SourceDate "2013.10.22"]
[SourceVersion "1"]
[SourceVersionDate "2013.10.22"]
[SourceQuality "1"]

1. d4 Nf6 2. c4 c5 3. d5 b5 4. cxb5 a6 5. e3 axb5 6. Bxb5 Qa5+ 7. Nc3 Bb7 8. Bd2 Qb6 9. Nf3 Nxd5 10. Nxd5 Bxd5 11. a4 Bc6 12. 0-0 Bxb5 13. axb5 Rxa1 14. Qxa1 f6 15. Qa5 Qb7 16. b4 e5 17. Rc1 d6 18. b6 Nd7 19. bxc5 dxc5 20. Rb1 Bd6 21. Qb5 Ke7 22. Ba5 Ra8 23. Nd2 Qa6 24. Qc6 Rd8 25. Qd5 f5 26. Qa2 e4 27. Nc4 Ne5 28. b7 Qxc4 29. Bxd8+ Kxd8 30. b8Q+ Bxb8 31. Rxb8+ Ke7 32. Rb7+ Kd6 33. Qxc4 Nxc4 34. Kf1 1-0

[Event "Main Vogelsberg op 4th"]
[Site "Heusenstamm"]
[Date "2009.05.03"]
[Round "7"]
[White "Roeberg, Frank"]
[Black "Willems, Matthias"]
[Result "1-0"]
[WhiteElo "2262"]
[BlackElo "2038"]
[PlyCount "39"]
[EventDate "2009.04.30"]
[EventType "swiss"]
[EventRounds "7"]
[EventCountry "GER"]
[SourceTitle "CBM 130 Extra"]
[Source "ChessBase"]
[SourceDate "2009.07.02"]
[SourceVersion "2"]
[SourceVersionDate "2009.07.15"]
[SourceQuality "1"]

1. e4 d6 2. d4 Nf6 3. Nc3 e5 4. Nf3 Nbd7 5. Bc4 Be7 6. 0-0 0-0 7. Re1 c6 8. a4 b6 9. Ba2 a6 10. h3 Bb7 11. dxe5 dxe5 12. Nh4 Qc7 13. Nf5 Bc5 14. Qf3 b5 15. Bg5 g6 16. Nh6+ Kg7 17. Rad1 Be7 18. Ng4 Ng8 19. Bxe7 Nxe7 20. Rxd7 1-0

[Event "Main Vogelsberg op 4th"]
[Site "Heusenstamm"]
[Date "2009.05.02"]
[Round "4"]
[White "Seifert, Christopher"]
[Black "Roeberg, Frank"]
[Result "1/2-1/2"]
[WhiteElo "2089"]
[BlackElo "2262"]
[PlyCount "36"]
[EventDate "2009.04.30"]
[EventType "swiss"]
[EventRounds "7"]
[EventCountry "GER"]
[SourceTitle "CBM 130 Extra"]
[Source "ChessBase"]
[SourceDate "2009.07.02"]
[SourceVersion "2"]
[SourceVersionDate "2009.07.15"]
[SourceQuality "1"]

1. d4 Nf6 2. c4 g6 3. Nc3 Bg7 4. e4 d6 5. Nf3 0-0 6. Be2 c5 7. 0-0 cxd4 8. Nxd4 Nc6 9. Be3 Bd7 10. f3 Nxd4 11. Bxd4 Bc6 12. Qd2 a5 13. Rac1 Nd7 14. Rfd1 Bxd4+ 15. Qxd4 a4 16. b4 axb3 17. axb3 Qa5 18. Nd5 Bxd5 1/2-1/2

[Event "Main Vogelsberg op 4th"]
[Site "Heusenstamm"]
[Date "2009.05.01"]
[Round "2"]
[White "Will, Patrick"]
[Black "Roeberg, Frank"]
[Result "1/2-1/2"]
[WhiteElo "1929"]
[BlackElo "2262"]
[PlyCount "43"]
[EventDate "2009.04.30"]
[EventType "swiss"]
[EventRounds "7"]
[EventCountry "GER"]
[SourceTitle "CBM 130 Extra"]
[Source "ChessBase"]
[SourceDate "2009.07.02"]
[SourceVersion "2"]
[SourceVersionDate "2009.07.15"]
[SourceQuality "1"]

1. Nf3 c5 2. c4 Nc6 3. Nc3 Nf6 4. d4 cxd4 5. Nxd4 g6 6. g3 Bg7 7. Bg2 0-0 8. Nc2 d6 9. 0-0 Bd7 10. b3 Rc8 11. Bb2 Ne8 12. Qc1 a6 13. Nd5 b5 14. Bxg7 Nxg7 15. Nde3 Nf5 16. cxb5 axb5 17. Qd2 Qa5 18. Qxa5 Nxa5 19. Rfc1 Nxe3 20. Nxe3 Be6 21. Bd5 b4 22. Kf1 1/2-1/2

[Event "Main Vogelsberg op 4th"]
[Site "Heusenstamm"]
[Date "2009.04.30"]
[Round "1"]
[White "Roeberg, Frank"]
[Black "Dyga, Ryszard Adam"]
[Result "1-0"]
[WhiteElo "2262"]
[BlackElo "1629"]
[PlyCount "47"]
[EventDate "2009.04.30"]
[EventType "swiss"]
[EventRounds "7"]
[EventCountry "GER"]
[SourceTitle "CBM 130 Extra"]
[Source "ChessBase"]
[SourceDate "2009.07.02"]
[SourceVersion "2"]
[SourceVersionDate "2009.07.15"]
[SourceQuality "1"]

1. e4 e5 2. Bc4 Nc6 3. Nc3 Nf6 4. d3 Bc5 5. f4 exf4 6. Bxf4 d6 7. Nf3 Bg4 8. Na4 Bxf3 9. Qxf3 Nd4 10. Qd1 b5 11. Nxc5 bxc4 12. Na4 cxd3 13. cxd3 Ne6 14. Be3 0-0 15. 0-0 Qd7 16. Rc1 c5 17. b3 Rac8 18. h3 Rfe8 19. Rc2 Nc7 20. Bg5 Re6 21. Bxf6 Rxf6 22. Rxf6 gxf6 23. Rf2 Qe7 24. Qg4+ 1-0

[Event "Oberliga Ost-B 0809"]
[Site "Germany"]
[Date "2009.03.28"]
[Round "10.4"]
[White "Henrich, Thomas"]
[Black "Roeberg, Frank"]
[Result "1/2-1/2"]
[WhiteElo "2209"]
[BlackElo "2262"]
[PlyCount "99"]
[EventDate "2008.10.26"]
[EventType "team-tourn"]
[EventRounds "11"]
[EventCountry "GER"]
[SourceTitle "EXT 2010"]
[Source "ChessBase"]
[SourceDate "2010.11.25"]
[SourceVersion "1"]
[SourceVersionDate "2010.11.25"]
[SourceQuality "1"]
[WhiteTeam "Giessen"]
[BlackTeam "Hungen Lich"]
[WhiteTeamCountry "GER"]
[BlackTeamCountry "GER"]

1. e4 e5 2. Nc3 Bc5 3. Nf3 Nc6 4. Nxe5 Bxf2+ 5. Kxf2 Nxe5 6. d4 Nc6 7. Be3 Nge7 8. Qh5 Ng6 9. Bc4 0-0 10. Rhf1 Nce7 11. Kg1 d6 12. Rf3 Be6 13. Bxe6 fxe6 14. Rxf8+ Nxf8 15. Rf1 Neg6 16. Qb5 Rb8 17. d5 b6 18. dxe6 Nxe6 19. Qb3 Qd7 20. Nb5 Rf8 21. Rf5 Nh4 22. Nxc7 Nxf5 23. Nxe6 Nxe3 24. Nxf8+ Kxf8 25. Qxe3 Qa4 26. Qd3 Qb4 27. b3 Ke7 28. c3 Qa3 29. Qd4 Qc1+ 30. Kf2 Qf4+ 31. Ke1 Qxh2 32. Qxg7+ Ke6 33. Qg4+ Ke7 34. Qg5+ Kd7 35. Kf2 Qh1 36. Qg7+ Kc6 37. Qxa7 Qh4+ 38. g3 Qh2+ 39. Kf3 Qh5+ 40. Ke3 Qg5+ 41. Ke2 Qh5+ 42. Kd2 Qh2+ 43. Kd3 Qxg3+ 44. Kc4 Qe3 45. Qa8+ Kc7 46. Qa7+ Kc6 47. Qa8+ Kc7 48. Qa7+ Kc6 49. Qa8+ Kc7 50. Qa7+ 1/2-1/2

[Event "Oberliga Ost-B 0809"]
[Site "Germany"]
[Date "2009.03.15"]
[Round "9.3"]
[White "Tazbir, Marcin"]
[Black "Roeberg, Frank"]
[Result "1-0"]
[WhiteElo "2482"]
[BlackElo "2262"]
[PlyCount "65"]
[EventDate "2008.10.26"]
[EventType "team-tourn"]
[EventRounds "11"]
[EventCountry "GER"]
[SourceTitle "EXT 2010"]
[Source "ChessBase"]
[SourceDate "2010.11.25"]
[SourceVersion "1"]
[SourceVersionDate "2010.11.25"]
[SourceQuality "1"]
[WhiteTeam "Griesheim"]
[BlackTeam "Hungen Lich"]
[WhiteTeamCountry "GER"]
[BlackTeamCountry "GER"]

1. e4 e5 2. Nf3 Nc6 3. Bb5 f5 4. Nc3 fxe4 5. Nxe4 d5 6. Nxe5 dxe4 7. Nxc6 Qg5 8. Qe2 Nf6 9. Ne5+ c6 10. f4 Qxf4 11. d4 Qh4+ 12. g3 Qh3 13. Bc4 Be6 14. Bf4 Bd6 15. 0-0-0 0-0-0 16. Kb1 Rhe8 17. Bb3 h6 18. Rhf1 g5 19. Bd2 Bxe5 20. Bxe6+ Qxe6 21. dxe5 Ng4 22. Bc3 Rxd1+ 23. Rxd1 Nxe5 24. Qxe4 Nc4 25. Qd4 b6 26. a4 c5 27. Qd3 Rf8 28. Re1 Qf7 29. b3 Na5 30. Qe4 Nb7 31. Qc6+ Kb8 32. Rd1 Qf3 33. Be5+ 1-0

[Event "Oberliga Ost-B 0809"]
[Site "Germany"]
[Date "2009.02.01"]
[Round "7.4"]
[White "Roeberg, Frank"]
[Black "Wendel, Stefan"]
[Result "1/2-1/2"]
[WhiteElo "2262"]
[BlackElo "2231"]
[PlyCount "53"]
[EventDate "2008.10.26"]
[EventType "team-tourn"]
[EventRounds "11"]
[EventCountry "GER"]
[SourceTitle "EXT 2010"]
[Source "ChessBase"]
[SourceDate "2010.11.25"]
[SourceVersion "1"]
[SourceVersionDate "2010.11.25"]
[SourceQuality "1"]
[WhiteTeam "Hungen Lich"]
[BlackTeam "Frankfurt BvK"]
[WhiteTeamCountry "GER"]
[BlackTeamCountry "GER"]

1. e4 c5 2. Nc3 Nc6 3. Nf3 g6 4. d4 cxd4 5. Nxd4 Bg7 6. Nf3 d6 7. Bc4 Nf6 8. 0-0 0-0 9. h3 a6 10. Re1 b5 11. Bb3 Bb7 12. Nd5 Nd7 13. c3 Nc5 14. Bg5 Re8 15. Bc2 f6 16. Be3 e6 17. Nf4 a5 18. Qd2 a4 19. Rad1 Bf8 20. Qe2 Qc7 21. Rc1 Ba6 22. Qd1 b4 23. Bxc5 dxc5 24. Bxa4 Qxf4 25. Bxc6 Red8 26. Qa4 Bb7 27. Qb5 1/2-1/2

[Event "Oberliga Ost-B 0809"]
[Site "Germany"]
[Date "2009.01.18"]
[Round "5.4"]
[White "Roeberg, Frank"]
[Black "Kayser, Felix"]
[Result "1/2-1/2"]
[WhiteElo "2262"]
[BlackElo "2181"]
[PlyCount "24"]
[EventDate "2008.10.26"]
[EventType "team-tourn"]
[EventRounds "11"]
[EventCountry "GER"]
[SourceTitle "EXT 2010"]
[Source "ChessBase"]
[SourceDate "2010.11.25"]
[SourceVersion "1"]
[SourceVersionDate "2010.11.25"]
[SourceQuality "1"]
[WhiteTeam "Hungen Lich"]
[BlackTeam "Wiesbaden"]
[WhiteTeamCountry "GER"]
[BlackTeamCountry "GER"]

1. e4 c5 2. Nf3 g6 3. d4 cxd4 4. Nxd4 Nc6 5. Nc3 Bg7 6. Be3 Nf6 7. Bc4 0-0 8. Bb3 a5 9. 0-0 d6 10. h3 Nxd4 11. Bxd4 Bd7 12. a4 Bc6 1/2-1/2

[Event "Oberliga Ost-B 0809"]
[Site "Germany"]
[Date "2008.11.30"]
[Round "3.6"]
[White "Roeberg, Frank"]
[Black "Hannes, Diana"]
[Result "1/2-1/2"]
[WhiteElo "2262"]
[BlackElo "2055"]
[PlyCount "52"]
[EventDate "2008.10.26"]
[EventType "team-tourn"]
[EventRounds "11"]
[EventCountry "GER"]
[SourceTitle "EXT 2010"]
[Source "ChessBase"]
[SourceDate "2010.11.25"]
[SourceVersion "1"]
[SourceVersionDate "2010.11.25"]
[SourceQuality "1"]
[WhiteTeam "Hungen Lich"]
[BlackTeam "Erfurt Medizin"]
[WhiteTeamCountry "GER"]
[BlackTeamCountry "GER"]

1. e4 c5 2. Nf3 Nc6 3. Nc3 g6 4. d4 cxd4 5. Nxd4 Bg7 6. Be3 Nf6 7. Bc4 Qa5 8. 0-0 0-0 9. Bb3 d6 10. h3 Bd7 11. Re1 Rac8 12. Qe2 a6 13. Rad1 Rfe8 14. Nd5 Nxd5 15. exd5 Nxd4 16. Bxd4 Ba4 17. Bxg7 Kxg7 18. c3 Bxb3 19. axb3 e5 20. dxe6 Rxe6 21. Qf3 Qb6 22. Rxe6 fxe6 23. Rd4 Rf8 24. Qe2 e5 25. Rb4 Qc6 26. Qe3 Rf7 1/2-1/2

[Event "Oberliga Ost-B 0809"]
[Site "Germany"]
[Date "2008.11.29"]
[Round "2.7"]
[White "Roeberg, Frank"]
[Black "Michalowski, Peter"]
[Result "1-0"]
[WhiteElo "2262"]
[BlackElo "2032"]
[PlyCount "81"]
[EventDate "2008.10.26"]
[EventType "team-tourn"]
[EventRounds "11"]
[EventCountry "GER"]
[SourceTitle "EXT 2010"]
[Source "ChessBase"]
[SourceDate "2010.11.25"]
[SourceVersion "1"]
[SourceVersionDate "2010.11.25"]
[SourceQuality "1"]
[WhiteTeam "Hungen Lich"]
[BlackTeam "Erfurt Empor"]
[WhiteTeamCountry "GER"]
[BlackTeamCountry "GER"]

1. e4 c5 2. Nf3 d6 3. d4 cxd4 4. Nxd4 Nf6 5. Nc3 a6 6. g3 e5 7. Nde2 Be7 8. Bg2 0-0 9. 0-0 Qc7 10. a4 Nc6 11. h3 h6 12. g4 Be6 13. Ng3 Rfd8 14. Nd5 Bxd5 15. exd5 Nb8 16. Nf5 Bf8 17. Ra3 Nbd7 18. Rg3 Kh7 19. h4 g6 20. Nxh6 Bxh6 21. Bxh6 Kxh6 22. g5+ Kg7 23. gxf6+ Nxf6 24. h5 Rh8 25. hxg6 fxg6 26. Rc3 Qb6 27. Rb3 Qa7 28. Qd2 Rab8 29. Qb4 Qc5 30. Qxc5 dxc5 31. Re1 e4 32. c4 b5 33. axb5 axb5 34. Rxb5 Rxb5 35. cxb5 Rd8 36. Bxe4 Nxe4 37. Rxe4 Rxd5 38. Rc4 Rd3 39. b4 cxb4 40. b6 Rd8 41. Rxb4 1-0

[Event "Pardubice Jihlavanka op-B 19th"]
[Site "Pardubice"]
[Date "2008.07.26"]
[Round "9"]
[White "Umanec, Filip"]
[Black "Roeberg, Frank"]
[Result "1/2-1/2"]
[WhiteElo "2132"]
[BlackElo "2267"]
[PlyCount "134"]
[EventDate "2008.07.18"]
[EventType "swiss"]
[EventRounds "9"]
[EventCountry "CZE"]
[SourceTitle "CBM 125 Extra"]
[Source "ChessBase"]
[SourceDate "2008.09.01"]
[SourceVersion "1"]
[SourceVersionDate "2008.09.01"]
[SourceQuality "1"]

1. e4 c5 2. Nc3 Nc6 3. f4 e6 4. Nf3 Nge7 5. Bb5 a6 6. Bxc6 Nxc6 7. 0-0 Be7 8. d3 0-0 9. Ng5 f6 10. Nh3 b5 11. f5 b4 12. Ne2 e5 13. c4 bxc3 14. Nxc3 Rf7 15. Qh5 Nb4 16. Rf3 Nc2 17. Rb1 Nd4 18. Rg3 d5 19. Nf2 dxe4 20. dxe4 c4 21. Be3 Bc5 22. Ng4 Kf8 23. Qxh7 Bb7 24. Nxe5 fxe5 25. Qh8+ Ke7 26. Bg5+ Kd7 27. Bxd8 Nxf5+ 28. Kh1 Nxg3+ 29. hxg3 Rxd8 30. Rd1+ Bd4 31. Qh3+ Kc7 32. Ne2 Bc8 33. Qh7 Rff8 34. Rxd4 Rf1+ 35. Kh2 exd4 36. Qxg7+ Rd7 37. Qe5+ Kb7 38. g4 d3 39. Nc3 d2 40. Qc5 Rc1 41. Qb4+ Ka8 42. Qc5 Rh7+ 43. Kg3 Rxc3+ 44. bxc3 d1Q 45. Qxc8+ Ka7 46. Qc5+ Kb8 47. Qb4+ Rb7 48. Qf8+ Kc7 49. Qc5+ Kd7 50. Qf5+ Kc6 51. g5 Qd3+ 52. Kg4 Qd1+ 53. Kg3 Qe1+ 54. Kg4 Qe2+ 55. Kg3 Rd7 56. Qe6+ Kc7 57. Qe5+ Kb7 58. g6 Rd3+ 59. Kh2 Qg4 60. Qe7+ Kc6 61. Qe8+ Kd6 62. Qb8+ Ke7 63. Qe5+ Kd7 64. Qg7+ Ke6 65. Qf7+ Ke5 66. Qc7+ Rd6 67. g7 Qh4+ 1/2-1/2